| 000 | 00879nam a2200265Ia 4500 | ||
|---|---|---|---|
| 003 | OSt | ||
| 005 | 20220923211512.0 | ||
| 006 | a|||||r|||| 00| 0 | ||
| 007 | ta | ||
| 008 | 220922b |||||||| |||| 00| 0 hin d | ||
| 020 |
_a9789380161013 (hbk) _c895 |
||
| 024 | _a281,242 | ||
| 037 |
_b5158, 22/03/2014, Friends Publications _cTextual |
||
| 040 |
_aARTS _cARTS _bhin |
||
| 041 |
_2hin _ahin |
||
| 082 | _aV281.J, 152Q2 | ||
| 100 |
_aचौबे, डी. सी. _9159218 |
||
| 245 | 0 | _aदिल्ली सल्तनत | |
| 246 | _aDillī saltanata | ||
| 260 |
_aजयपुर _b आस्था प्रकाशन _c2012 |
||
| 300 |
_a258पृ. _ccm. |
||
| 650 | _aविश्व-इतिहास | ||
| 942 |
_hV281.J, 152Q2 _cTEXL _2CC |
||
| 999 |
_c300203 _d300203 |
||